| 000 | 00712nam a22001697a 4500 | ||
|---|---|---|---|
| 008 | 110912s2003 ua|||||r|||| 00| 0 ara d | ||
| 082 |
_222 _a210 _bإ ب ر |
||
| 100 |
_922119 _aالإبراشي ، محمد عطيه |
||
| 245 |
_aروح الإسلام / _cمحمد عطيه الإبراشي |
||
| 260 |
_aالقاهرة : _bالهيئة المصرية العامة للكتاب ، 2003 _c2003 |
||
| 300 |
_a411 ص ؛ _c24 سم |
||
| 490 |
_915371 _aمكتبة الأسرة _pالأعمال الدينية |
||
| 650 |
_913667 _aالإسلام |
||
| 653 | _bGeneral | ||
| 942 |
_2ddc _cBB |
||
| 999 |
_c15998 _d15998 |
||